| 000 | 00437 a2200157 4500 | ||
|---|---|---|---|
| 020 | _a1853465879 | ||
| 040 |
_aDLC _bDLC |
||
| 082 | _a372.11024 | ||
| 100 | _aVisser, John. | ||
| 245 |
_aManaging behaviour in classrooms _cJohn Visser |
||
| 260 |
_aLondon : _bDavid Fulton, _c2000. |
||
| 300 |
_axiii, 59p. ; _c25cm. |
||
| 500 | _aIncludes bibliographical references. | ||
| 650 | _aClassroom management. | ||
| 942 |
_cBK _k372.11024 VIS _2ddc |
||
| 999 |
_c7354 _d7354 |
||